South Eastern Kenya University

Library Online Public Access Catalogue


The strange, familiar, and forgotten : (Record no. 7041)

MARC details
000 -LEADER
fixed length control field 00378cam a2200133 a 4500
020 ## - ISBN
International Standard Book Number 0679402594 :
050 00 - LIBRARY OF CONGRESS CALL NUMBER
Classification Number RC 343
Item Number .R76 1992
100 1# - MAIN ENTRY--Author
Personal name Rosenfield, Israel,
245 14 - TITLE
Title The strange, familiar, and forgotten :
Remainder of title an anatomy of consciousness /
Statement of responsibility, etc Israel Rosenfield.
260 ## - PUBLICATION, DISTRIBUTION, ETC.(IMPRINT)
Place of publication, distribution, etc New York :
Name of publisher, distributor, etc Knopf,
Date of publication, distribution, etc 1992.
300 ## - PHYSICAL DESCRIPTION
Extent 157 p. ;
650 #0 - SUBJECT--TOPIC
General subdivision Philosophy.
942 ## - ADDED ENTRY ELEMENTS(KOHA)
Source of classification or shelving scheme Library of Congress Classification
Koha item type General circulation
Holdings
Source of classification or shelving scheme Not for loan Location (home branch) Sublocation (holding branch) Shelving location Date accessioned Full call number Barcode Koha item type Public note
Library of Congress Classification   Main Campus Library Main Campus Library   24/07/2015 RC 343 .R76 1992 2015/004618 General circulation smo
Kitui, Kenya.
+254736116989
library@seku.ac.ke